[Event "Tourn. n8884"]
[Site "www.chess-mail.com"]
[Date "2016.08.24"]
[Round "1"]
[White "Ditto"]
[Black "Jhzes"]
[WhiteElo "1850"]
[BlackElo "1920"]
[Result "1-0"]
[Round "1"]
1.e4 d6
2.Nb1c3 e5
3.Ng1f3 Nb8c6
4.Bf1b5 Bc8d7
5.d3 a6
6.Bb5c4 Nc6d4
7.Nf3xd4 exd4
8.Nc3e2 c5
9.O-O h6
10.Bc1f4 Ng8f6
11.Rf1e1 b5
12.Bc4b3 g5
13.Bf4d2 Bd7e6
14.Bb3xe6 fxe6
15.Ne2g3 Rh8g8
16.Qd1f3 g4
17.Qf3d1 h5
18.e5 dxe5
19.Bd2g5 Rg8xg5
20.Qd1d2 Bf8h6
21.Qd2e2 Qd8b8
22.Qe2d2 h4
23.Ng3e2 e4
24.Ne2f4 Rg5f5
25.dxe4 Bh6xf4
26.Qd2d3 Bf4xh2
27.Kh1 Rf5xf2
28.e5 Qb8b7
29.Qd3g6 Kf8
30.Qg6h6 Kg8
31.Qh6g6 Kh8
32.Qg6h6 Nf6h7
33.Re1g1 { resign }
1-0

[Event "Tourn. n8884"]
[Site "www.chess-mail.com"]
[Date "2016.08.24"]
[Round "1"]
[White "Jhzes"]
[Black "Azulmarino"]
[WhiteElo "1940"]
[BlackElo "1610"]
[Result "0-1"]
[Round "1"]
1.d4 d5
2.Bc1f4 Nb8c6
3.Nb1c3 Bc8f5
4.Nc3b5 Ra8c8
5.Ng1f3 h6
6.e3 Bf5g4
7.Bf1e2 a6
{ resign }
0-1

[Event "Match"]
[Site "www.echecsemail.com"]
[Date "2016.08.24"]
[Round "1"]
[White "Jhzes"]
[Black "Glenno"]
[WhiteElo "1990"]
[BlackElo "2410"]
[Result "0-1"]
[Round "1"]
1.d4 Ng8f6
2.Bc1f4 d5
3.c4 c6
4.e3 Bc8f5
5.Nb1d2 Nb8d7
6.c5 b6
7.Qd1a4 bxc5
8.dxc5 e5
9.Bf4g5 Nd7xc5
10.Qa4xc6 Bf5d7
11.Bg5xf6 Bd7xc6
12.Bf6xd8 Ra8xd8
13.Ra1c1 Bc6a4
14.b3 Ba4d7
{ resign }
0-1

[Event "Match"]
[Site "www.echecsemail.com"]
[Date "2016.08.24"]
[Round "1"]
[White "Nimzo"]
[Black "Micheles"]
[WhiteElo "2870"]
[BlackElo "2530"]
[Result "1-0"]
[Round "1"]
1.d4 Ng8f6
2.c4 g6
3.Nb1c3 d5
4.cxd5 Nf6xd5
5.e4 Nd5xc3
6.bxc3 Bf8g7
7.Ng1f3 c5
8.Bc1e3 Qd8a5
9.Qd1d2 O-O
10.Ra1c1 Rf8d8
11.d5 e6
12.Be3g5 f6
13.Bg5e3 Nb8c6
14.Bf1d3 exd5
15.exd5 c4
16.Bd3xc4 Bc8e6
17.Rc1d1 Nc6e7
18.dxe6 Rd8xd2
19.Rd1xd2 Qa5xc3
20.Bc4b3 Qc3c1
21.Rd2d1 Qc1c3
22.Ke2 Qc3b4
23.Rd1d4 Qb4b5
24.Bb3c4 Qb5a4
25.Rh1d1 a5
26.Rd1d3 Qa4c6
27.Bc4b3 Bg7f8
28.Rd4c4 Qc6e8
29.Nf3d2 b5
30.Rc4c7 f5
31.a4 bxa4
32.Bb3c4 Ra8c8
33.Rc7xc8 Ne7xc8
34.Rd3d8  { time }
1-0

[Event "Match"]
[Site "www.echecsemail.com"]
[Date "2016.08.24"]
[Round "1"]
[White "Irene"]
[Black "Jhzes"]
[WhiteElo "2030"]
[BlackElo "1880"]
[Result "1-0"]
[Round "1"]
1.d4 e6
2.Ng1f3 h6
3.e3 b6
4.Nb1c3 Bc8b7
5.Bf1d3 Ng8f6
6.Nc3e4 Nf6xe4
7.c4 Bf8b4
8.Bc1d2 Bb4xd2
9.Nf3xd2 Ne4xd2
10.Qd1xd2 Bb7xg2
11.Rh1g1 Qd8g5
12.f3 Qg5h4
13.Qd2f2 Qh4xf2
14.Kxf2 Bg2h3
15.Rg1xg7 { resign }
1-0

[Event "Match"]
[Site "www.echecsemail.com"]
[Date "2016.08.24"]
[Round "1"]
[White "Pare123"]
[Black "Jhzes"]
[WhiteElo "1960"]
[BlackElo "1990"]
[Result "1-0"]
[Round "1"]
1.c4 e5
2.Nb1c3 c6
3.e4 g6
4.Ng1f3 Bf8g7
5.Bf1e2 d6
6.d3 a6
7.O-O Bc8e6
8.a4 f5
9.exf5 Be6xf5
10.a5 Ng8e7
11.Qd1b3 Qd8c7
12.Bc1e3 Nb8d7
13.h3 c5
14.Be3g5 Nd7f6
15.Nf3h4 Nf6g8
16.Nh4xf5 Ne7xf5
17.Nc3d5 Qc7b8
18.Qb3b6 Kd7
19.Be2g4 { resign }
1-0

[Event "Match"]
[Site "www.echecsemail.com"]
[Date "2016.08.24"]
[Round "1"]
[White "Fangshuo"]
[Black "Jhzes"]
[WhiteElo "2060"]
[BlackElo "2000"]
[Result "1-0"]
[Round "1"]
1.c4 g6
2.g3 d5
3.cxd5 Qd8xd5
4.Ng1f3 e5
5.Nb1c3 Qd5e6
6.Bf1g2 Bf8e7
7.d4 Nb8d7
8.d5 Qe6f5
9.e4 Qf5f6
10.Nc3b5 Qf6b6
11.a4 Nd7c5
12.Bc1e3 a6
13.Nb5c3 Qb6xb2
14.Be3d2 { resign }
1-0

[Event "Match"]
[Site "www.echecsemail.com"]
[Date "2016.08.24"]
[Round "1"]
[White "Gambitmiau"]
[Black "Jhzes"]
[WhiteElo "1900"]
[BlackElo "1860"]
[Result "1-0"]
[Round "1"]
1.e4 g6
2.d4 Bf8g7
3.e5 f6
4.Ng1f3 d6
5.Bf1c4 fxe5
6.dxe5 dxe5
7.Qd1xd8 Kxd8
8.Nf3g5 Ng8h6
9.O-O Nb8c6
10.Rf1d1 Ke8
11.Bc4e6 Nc6d4
12.Be6b3 Nh6g4
13.Bb3f7 Kf8
14.Bf7b3 Nd4e2
15.Kf1 Ne2d4
16.h3 Ng4h6
17.Bb3a4 Bc8f5
18.c3 Nd4e6
19.Ng5xe6 Bf5xe6
20.Nb1d2 c6
21.a3 b5
22.Ba4b3 Be6xb3
23.Nd2xb3 Nh6f5
24.Nb3c5 Kf7
25.b4 Ra8d8
26.Bc1g5 h6
27.Bg5d2 Rd8d5
28.Nc5e4 Rh8d8
29.Ke2 Nf5h4
30.g3 Nh4f5
31.a4 bxa4
32.c4 { resign }
1-0

[Event "Match"]
[Site "www.echecsemail.com"]
[Date "2016.08.24"]
[Round "1"]
[White "Pimpampum"]
[Black "Witpar"]
[WhiteElo "2210"]
[BlackElo "2650"]
[Result "0-1"]
[Round "1"]
1.e4 c5
2.Ng1f3 e6
3.d4 cxd4
4.Nf3xd4 Ng8f6
5.Nb1c3 d6
6.Bc1g5 Bf8e7
7.Qd1f3 O-O
8.Bf1d3 Nb8c6
9.Nd4b3 h6
10.Bg5h4 a6
11.a3 Nc6e5
12.Qf3e2 b5
13.O-O Bc8b7
14.f4 Ne5xd3
15.cxd3 Nf6xe4
16.Bh4xe7 Ne4xc3
17.Be7xd8 Nc3xe2
{ resign }
0-1

[Event "Match"]
[Site "www.echecsemail.com"]
[Date "2016.08.24"]
[Round "1"]
[White "Estonia"]
[Black "Jhzes"]
[WhiteElo "2050"]
[BlackElo "2010"]
[Result "1-0"]
[Round "1"]
1.e4 e5
2.Ng1f3 Bf8c5
3.Bf1c4 Nb8c6
4.O-O Ng8f6
5.d4 Nc6xd4
6.Nf3xe5 O-O
7.Bc1g5 d6
8.Ne5d3 Bc8g4
9.Qd1d2 Qd8e7
10.Nd3xc5 { resign }
1-0

[Event "Match"]
[Site "www.echecsemail.com"]
[Date "2016.08.24"]
[Round "1"]
[White "Canario"]
[Black "Jhzes"]
[WhiteElo "1820"]
[BlackElo "1910"]
[Result "1-0"]
[Round "1"]
1.e4 c5
2.Ng1f3 e6
3.d4 Nb8c6
4.d5 exd5
5.exd5 Nc6b8
6.Bf1c4 Bf8d6
7.Nb1c3 a6
8.a3 b5
9.Bc4a2 c4
10.Qd1d4 f6
11.O-O Ng8e7
12.Rf1e1 O-O
13.Bc1f4 Bd6xf4
14.Qd4xf4 Ne7g6
15.Qf4d6 Rf8f7
16.b3 Rf7e7
17.bxc4 Re7xe1
18.Ra1xe1 { resign }
1-0

[Event "Match"]
[Site "www.echecsemail.com"]
[Date "2016.08.24"]
[Round "1"]
[White "Babedad"]
[Black "Sonny1000"]
[WhiteElo "2190"]
[BlackElo "1440"]
[Result "1-0"]
[Round "1"]
1.c4 Nb8c6
2.Nb1c3 e6
3.g3 g6
4.Bf1g2 Bf8c5
5.b3 Ng8f6
6.Bc1b2 O-O
7.Ng1f3 d5
8.cxd5 Nf6g4
9.d4 Bc5b4
10.dxc6 bxc6
11.O-O a6
12.e3 f5
13.h3 Bb4d6
14.hxg4 Rf8f6
15.Nf3e5 fxg4
16.Nc3e4 Rf6f8
17.Ne5xg4 Kh8
18.Ne4xd6 cxd6
19.d5 Kg8
20.Ng4h6 
1-0

[Event "Match"]
[Site "www.echecsemail.com"]
[Date "2016.08.24"]
[Round "1"]
[White "Jhzes"]
[Black "Mdesouza"]
[WhiteElo "1970"]
[BlackElo "2340"]
[Result "0-1"]
[Round "1"]
1.d4 Ng8f6
2.Bc1f4 g6
3.c4 c5
4.Nb1c3 cxd4
5.Nc3b5 d6
6.Qd1xd4 Nb8c6
7.Qd4e3 Qd8a5
8.Kd1 e5
9.Bf4g5 Qa5d8
10.Bg5xf6 Qd8xf6
11.Nb5c7 Kd8
12.Nc7xa8 Bf8g7
13.a3 Bc8e6
14.Na8b6 axb6
15.Qe3xb6 Kc8
16.e4 Bg7h6
17.Kc2 Nc6d4
18.Kb1 Qf6xf2
19.Ka2 Qf2c2
20.Qb6b4 Bh6d2
{ resign }
0-1

[Event "Match"]
[Site "www.echecsemail.com"]
[Date "2016.08.24"]
[Round "1"]
[White "Fkarpov"]
[Black "Jhzes"]
[WhiteElo "2080"]
[BlackElo "1970"]
[Result "1-0"]
[Round "1"]
1.e4 e5
2.Ng1f3 Bf8c5
3.Nf3xe5 Qd8h4
4.Qd1e2 Ng8f6
5.Ne5d3 Bc5d4
6.e5 Nf6d5
7.g3 Qh4h6
8.Qe2e4 Bd4xf2
9.Nd3xf2 Nd5e7
10.Nb1c3 c6
11.d3 Qh6g6
12.Bc1f4 Qg6h5
13.Bf1e2 Qh5g6
14.O-O-O O-O
15.Rd1f1 { resign }
1-0

[Event "Match"]
[Site "www.echecsemail.com"]
[Date "2016.08.24"]
[Round "1"]
[White "Jhzes"]
[Black "Add"]
[WhiteElo "1870"]
[BlackElo "2030"]
[Result "0-1"]
[Round "1"]
1.c4 e5
2.e4 Ng8f6
3.Qd1c2 Bf8c5
4.h3 h6
5.Ng1f3 Nb8c6
6.a3 Nc6d4
7.Nf3xd4 Bc5xd4
8.d3 c6
9.Bf1e2 d6
10.Nb1c3 a6
11.b4 b5
12.c5 dxc5
13.bxc5 Bd4xc5
14.O-O Qd8d6
15.Bc1d2 O-O
16.a4 b4
17.Nc3a2 a5
18.Qc2c1 Nf6h7
19.Bd2e3 Bc5xe3
20.Qc1xe3 Bc8d7
21.Ra1b1 c5
22.f4 exf4
23.Rf1xf4 Bd7xa4
24.e5 Qd6e7
25.d4 cxd4
26.Qe3xd4 Rf8d8
27.Qd4e4 Nh7g5
28.Qe4f5 Rd8d2
29.Be2d3 Rd2xa2
30.h4 g6
31.Qf5g4 Ba4d7
32.Qg4g3 Ng5e6
33.Rf4f6 Bd7c6
34.Rf6f2 Ra2xf2
35.Kxf2 Qe7c5
36.Kf1 Bc6b5
37.h5 Bb5xd3
38.Qg3xd3 Ne6f4
39.Qd3f3 Qc5c4
40.Kg1 Ra8e8
41.hxg6 Nf4xg6
{ resign }
0-1

[Event "Match"]
[Site "www.echecsemail.com"]
[Date "2016.08.24"]
[Round "1"]
[White "Jhzes"]
[Black "Chapi"]
[WhiteElo "1920"]
[BlackElo "2120"]
[Result "0-1"]
[Round "1"]
1.e4 c5
2.Bf1c4 g6
3.d4 Ng8f6
4.e5 Nf6h5
5.Qd1f3 e6
6.g4 cxd4
7.gxh5 Qd8a5
8.Nb1d2 Qa5xe5
9.Ng1e2 Nb8c6
10.hxg6 hxg6
11.Qf3g3 Qe5xg3
12.fxg3 a6
13.Nd2f3 b5
14.Bc4d3 Bc8b7
15.Bd3e4 d5
16.Be4d3 e5
17.Bc1g5 e4
{ resign }
0-1

[Event "Match"]
[Site "www.echecsemail.com"]
[Date "2016.08.24"]
[Round "1"]
[White "Jhzes"]
[Black "Llord"]
[WhiteElo "1970"]
[BlackElo "1910"]
[Result "0-1"]
[Round "1"]
1.d4 d5
2.Nb1c3 Ng8f6
3.Bc1f4 e6
4.Nc3b5 Bf8d6
5.Bf4xd6 cxd6
6.Nb5c3 O-O
7.g3 Nb8c6
8.e3 a6
{ resign }
0-1

[Event "Match"]
[Site "www.echecsemail.com"]
[Date "2016.08.24"]
[Round "1"]
[White "Biggles"]
[Black "Jhzes"]
[WhiteElo "2110"]
[BlackElo "1970"]
[Result "1-0"]
[Round "1"]
1.e4 e5
2.d4 c6
3.Ng1f3 exd4
4.Qd1xd4 Qd8e7
5.Nb1c3 Qe7c5
6.Bc1e3 Qc5xd4
7.Nf3xd4 g6
8.f4 Bf8b4
9.Bf1d3 Ng8e7
10.O-O a6
11.Nc3e2 b5
12.Ra1d1 Bc8b7
13.Ne2g3 Bb4d6
14.e5 Bd6c7
15.Nd4f3 Ne7d5
16.Be3d4 Nd5xf4
17.e6 O-O
18.exf7 Rf8xf7
19.Nf3e5 { resign }
1-0

[Event "Match"]
[Site "www.echecsemail.com"]
[Date "2016.08.24"]
[Round "1"]
[White "Mitja"]
[Black "Jhzes"]
[WhiteElo "1940"]
[BlackElo "1920"]
[Result "1-0"]
[Round "1"]
1.d4 Nb8a6
2.e3 c5
3.Bf1xa6 Qd8a5
4.c3 bxa6
5.dxc5 Bc8b7
6.Ng1f3 Qa5xc5
7.Nb1d2 e6
8.Nd2b3 Qc5b5
9.Nb3d4 Qb5c4
10.Qd1e2 Qc4xe2
11.Nd4xe2 Ng8f6
12.h3 Bf8c5
13.Ne2d4 d6
14.b4 Bc5b6
15.Bc1b2 Bb7xf3
16.Nd4xf3 Nf6e4
17.Ke2 O-O
18.a4 Ra8c8
19.Ra1c1 { resign }
1-0

[Event "Match"]
[Site "www.echecsemail.com"]
[Date "2016.08.24"]
[Round "1"]
[White "Silent1"]
[Black "Jhzes"]
[WhiteElo "1860"]
[BlackElo "1970"]
[Result "1-0"]
[Round "1"]
1.d4 e6
2.c4 d6
3.Nb1c3 Bc8d7
4.e3 Ng8f6
5.Bf1d3 g6
6.Ng1f3 a6
7.O-O Bf8e7
8.h3 h6
9.b4 c5
10.bxc5 dxc5
11.d5 Be7d6
12.Qd1b3 b6
13.Nc3e4 Nf6xe4
14.Bd3xe4 f5
15.Be4d3 e5
16.e4 f4
17.Bc1b2 { resign }
1-0

[Event "Match"]
[Site "www.echecsemail.com"]
[Date "2016.08.24"]
[Round "1"]
[White "Cal"]
[Black "Jhzes"]
[WhiteElo "1700"]
[BlackElo "1740"]
[Result "1-0"]
[Round "1"]
1.d4 Ng8f6
2.Nb1c3 e6
3.e4 Bf8b4
4.Bc1d2 Bb4xc3
5.Bd2xc3 Nf6xe4
6.Ng1f3 Ne4xc3
7.bxc3 c6
8.Bf1c4 { resign }
1-0

[Event "Match"]
[Site "www.echecsemail.com"]
[Date "2016.08.24"]
[Round "1"]
[White "Umutkrc"]
[Black "Jhzes"]
[WhiteElo "1860"]
[BlackElo "1740"]
[Result "1-0"]
[Round "1"]
1.d3 e5
2.Ng1f3 Nb8c6
3.e4 Bf8c5
4.h3 d6
5.Nb1c3 Bc8e6
6.Nc3d5 Ng8f6
7.c4 Nc6d4
8.b4 Bc5b6
9.Nd5xb6 Nd4xf3
10.Qd1xf3 cxb6
11.b5 a6
12.Qf3d1 axb5
13.cxb5 Ra8xa2
14.Ra1xa2 Be6xa2
15.g4 O-O
16.Bf1g2 Qd8a8
17.O-O Qa8a5
18.Qd1c2 Ba2e6
19.Bc1d2 Qa5xb5
20.Rf1b1 Qb5a6
21.Bg2f1 b5
22.Qc2b2 Be6d7
23.Rb1a1 { resign }
1-0

[Event "Match"]
[Site "www.echecsemail.com"]
[Date "2016.08.24"]
[Round "1"]
[White "Jhzes"]
[Black "Wwgia"]
[WhiteElo "1850"]
[BlackElo "2020"]
[Result "0-1"]
[Round "1"]
1.Ng1f3 Ng8f6
2.c4 g6
3.Nb1c3 d5
4.e3 Bf8g7
5.d4 O-O
6.c5 b6
7.b4 a5
8.b5 bxc5
9.Ra1b1 cxd4
10.Nf3xd4 Nb8d7
11.Nd4c6 Qd8e8
12.Nc3xd5 Nf6xd5
13.Qd1xd5 Bc8b7
14.Nc6xe7 Qe8xe7
15.Qd5xb7 Bg7c3
16.Bc1d2 Nd7c5
17.Qb7f3 Bc3xd2
18.Kxd2 Ra8d8
19.Ke2 Nc5e4
20.Ke1 Ne4d2
21.Qf3d1 Nd2xf1
22.Qd1a4 Nf1d2
23.Qa4xa5 Nd2c4
24.Qa5c3 Qe7e4
25.Rb1b4 Qe4xg2
{ resign }
0-1

[Event "Match"]
[Site "www.echecsemail.com"]
[Date "2016.08.24"]
[Round "1"]
[White "Jhzes"]
[Black "Guidom"]
[WhiteElo "1920"]
[BlackElo "2020"]
[Result "0-1"]
[Round "1"]
1.e4 e5
2.Bf1c4 Nb8c6
3.Qd1f3 Qd8f6
4.c3 Qf6xf3
5.Ng1xf3 d6
6.Nf3g5 Ng8h6
7.Nb1a3 a6
8.b4 Bf8e7
9.d3 Bc8d7
10.b5 axb5
11.Na3xb5 Ra8c8
12.Ra1b1 b6
13.O-O O-O
14.Ng5f3 Nh6g4
15.h3 Ng4f6
16.Rf1e1 Nc6a5
17.Bc1a3 Na5xc4
18.dxc4 Bd7xb5
19.cxb5 Rc8a8
20.Rb1b3 Rf8e8
21.Re1e2 Nf6d7
22.Ba3c1 Nd7c5
23.Rb3b1 Ra8a4
24.a3 Ra4xe4
25.Re2xe4 Nc5xe4
26.Bc1b2 Ne4c5
{ resign }
0-1

[Event "Match"]
[Site "www.echecsemail.com"]
[Date "2016.08.24"]
[Round "1"]
[White "Jhzes"]
[Black "Umutkrc"]
[WhiteElo "1740"]
[BlackElo "1860"]
[Result "0-1"]
[Round "1"]
1.Nb1c3 e5
2.d4 d6
3.dxe5 dxe5
4.Qd1xd8 Kxd8
5.Bc1g5 f6
6.Bg5h4 g5
7.Bh4g3 Bf8d6
8.e4 Nb8c6
9.O-O-O h5
10.f3 h4
11.Bg3f2 Ke7
12.Nc3d5 Kf7
13.Nd5c3 Bc8e6
14.a3 a6
15.g3 hxg3
16.Bf2xg3 Ng8h6
17.Ng1e2 Bd6c5
18.h4 g4
19.Bf1g2 Nc6d4
{ resign }
0-1

[Event "Match"]
[Site "www.echecsemail.com"]
[Date "2016.08.24"]
[Round "1"]
[White "Jhzes"]
[Black "Jackbauer"]
[WhiteElo "1990"]
[BlackElo "1900"]
[Result "0-1"]
[Round "1"]
1.d4 d5
2.Bc1f4 c5
3.Bf4xb8 Ra8xb8
4.dxc5 Qd8a5
5.Nb1c3 Qa5xc5
6.Qd1xd5 e6
7.Qd5xc5 Bf8xc5
8.e3 a6
9.Nc3e4 Bc5e7
10.Bf1d3 f5
11.Ne4g3 Ng8f6
12.Ng1e2 O-O
13.h3 b5
14.b3 Be7b4
15.c3 Bb4d6
16.O-O Bc8b7
17.Ne2d4 Bb7c8
18.Nd4c6 Rb8b7
19.f4 Bc8d7
20.Nc6d4 Rf8c8
{ resign }
0-1

[Event "Match"]
[Site "www.echecsemail.com"]
[Date "2016.08.24"]
[Round "1"]
[White "Yangqi"]
[Black "Jhzes"]
[WhiteElo "2700"]
[BlackElo "1950"]
[Result "1-0"]
[Round "1"]
1.e4 e5
2.f4 Qd8h4
3.g3 Qh4f6
4.fxe5 Qf6xe5
5.Nb1c3 Bf8b4
6.Bf1g2 Ng8f6
7.Ng1f3 Qe5c5
8.e5 Nf6g4
9.d4 { resign }
1-0

[Event "1/64 Finale"]
[Site "www.chess-mail.com"]
[Date "2016.08.24"]
[Round "1"]
[White "Fkarpov"]
[Black "Jhzes"]
[WhiteElo "2090"]
[BlackElo "1820"]
[Result "1-0"]
[Round "1"]
1.d4 Nb8a6
2.e3 c5
3.Bf1xa6 Qd8a5
4.b4 Qa5xb4
5.c3 Qb4b6
6.Ba6d3 cxd4
7.cxd4 e5
8.dxe5 Bf8b4
9.Kf1 { resign }
1-0

[Event "Fast Game"]
[Site "www.echecsemail.com"]
[Date "2016.08.24"]
[Round "1"]
[White "Hennie4820"]
[Black "Mitja"]
[WhiteElo "1620"]
[BlackElo "1680"]
[Result "0-1"]
[Round "1"]
1.e4 d5
2.exd5 Qd8xd5
3.Nb1c3 Qd5d8
4.d4 e6
5.Ng1f3 c6
6.Bf1e2 h6
7.O-O Ng8f6
8.Bc1f4 Bf8d6
9.Bf4xd6 Qd8xd6
10.Qd1d2 Qd6e7
11.Rf1e1 O-O
12.Ra1d1 Rf8d8
13.Qd2f4 Nb8d7
14.Be2c4 Nd7b6
15.Bc4b3 Nb6d5
16.Nc3xd5 Nf6xd5
17.Bb3xd5 Rd8xd5
18.Nf3e5 c5
19.c4 Rd5d8
20.d5 Bc8d7
21.Qf4g3 Bd7e8
22.f4 f6
23.Ne5g6 Be8xg6
24.Qg3xg6 Rd8d6
25.Rd1d2 Ra8e8
26.Rd2e2 Qe7f7
27.Qg6g3 Kf8
28.h3 b6
29.Re2e3 a5
30.Re1e2 Rd6d8
31.Qg3e1 exd5
32.Re3xe8 Rd8xe8
33.Re2xe8 Qf7xe8
34.Qe1xe8 Kxe8
35.cxd5 Ke7
36.Kf2 Kd6
37.Ke3 Kxd5
38.b3 b5
39.Kd3 c4
40.bxc4 bxc4
41.Ke3 f5
42.g4 fxg4
43.hxg4 g6
44.g5 hxg5
45.fxg5 Ke5
{ resign }
0-1

[Event "Fast Game"]
[Site "www.echecsemail.com"]
[Date "2016.08.24"]
[Round "1"]
[White "Hennie4820"]
[Black "Jhzes"]
[WhiteElo "1690"]
[BlackElo "1620"]
[Result "1-0"]
[Round "1"]
1.e4 e5
2.Ng1f3 Bf8c5
3.Nf3xe5 Qd8h4
4.Qd1e2 Ng8f6
5.Nb1c3 d6
6.Ne5f3 Qh4h5
7.d4 Bc5b6
8.Bc1g5 Nf6g4
9.h3 Nb8c6
10.O-O-O Nc6xd4
11.Nf3xd4 Qh5xg5
12.Kb1 Bb6xd4
13.Rd1xd4 Qg5h4
14.g3 Qh4h5
15.Bf1g2 Ng4f6
16.g4 Qh5e5
17.Rh1d1 O-O
18.Qe2e3 Bc8e6
19.f4 Qe5c5
20.b4 Qc5b6
21.a4 c5
22.Rd4xd6 Qb6xb4
23.Kc1 Qb4a3
24.Kd2 Ra8d8
25.Ke2 Rd8xd6
26.Rd1xd6 Be6c4
27.Kf3 b6
28.g5 Nf6h5
29.f5 g6
30.f6 Bc4a6
31.Rd6d7 Rf8a8
32.Kg4 Qa3b4
33.Qe3d2 h6
34.h4 Ra8e8
35.Rd7xa7 { resign }
1-0

[Event "Fast Game"]
[Site "www.echecsemail.com"]
[Date "2016.08.24"]
[Round "1"]
[White "Libiesse"]
[Black "Jhzes"]
[WhiteElo "1650"]
[BlackElo "1620"]
[Result "1-0"]
[Round "1"]
1.d4 e6
2.Ng1f3 Nb8a6
3.c4 Bf8b4
4.Bc1d2 Bb4xd2
5.Qd1xd2 Qd8e7
6.Nb1c3 b6
7.e4 Bc8b7
8.d5 exd5
9.cxd5 Ng8f6
10.Bf1d3 c6
11.e5 Nf6xd5
12.Nc3xd5 cxd5
13.O-O O-O
14.Rf1e1 Na6c5
15.Ra1c1 Nc5xd3
16.Qd2xd3 a5
17.Nf3d4 Bb7a6
18.Qd3b3 { resign }
1-0

[Event "Tourn. n8883"]
[Site "www.chess-mail.com"]
[Date "2016.08.25"]
[Round "1"]
[White "Passaroa25"]
[Black "Billyg"]
[WhiteElo "1570"]
[BlackElo "1600"]
[Result "0-1"]
[Round "1"]
1.e4 e6
2.Ng1e2 d5
3.Ne2g3 Ng8f6
4.f3 Bf8d6
5.c3 O-O
6.d3 dxe4
7.dxe4 Bd6xg3
8.hxg3 Qd8xd1
9.Kxd1 Nb8c6
10.Nb1d2 Rf8d8
11.Bf1e2 a6
12.Ke1 e5
13.Nd2c4 b5
14.Nc4e3 Bc8b7
15.Kf2 b4
16.c4 Nc6d4
17.Be2d3 Nf6d7
18.Ne3d5 Bb7xd5
19.cxd5 Ra8c8
20.Bd3xa6 Rc8a8
21.Ba6b7 Ra8b8
22.Bc1g5 f6
23.Bg5e3 Rb8xb7
24.b3 Nd7c5
25.Ra1d1 Rb7a7
26.g4 Ra7xa2
27.Kg3 Ra2a3
28.Rd1c1 Nd4e2
29.Kh3 Ne2xc1
30.Rh1xc1 Nc5xb3
31.Rc1xc7 Nb3a5
32.Be3c5 Ra3c3
33.Bc5xb4 Rc3xc7
34.Bb4xa5 Rc7c8
35.Ba5xd8 Rc8xd8
36.Kg3 g5
37.Kh3 Rd8c8
38.f4 exf4
39.Kh2 Rc8c3
40.d6 Rc3d3
41.d7 Rd3xd7
42.Kh3 Rd7d4
43.g3 fxg3
44.Kxg3 Rd4xe4
{ resign }
0-1

[Event "Tourn. n8840"]
[Site "www.chess-mail.com"]
[Date "2016.08.25"]
[Round "1"]
[White "Tartan"]
[Black "Paaliaq"]
[WhiteElo "2350"]
[BlackElo "2540"]
[Result "1/2-1/2"]
[Round "1"]
1.d4 Ng8f6
2.Ng1f3 g6
3.c4 Bf8g7
4.Nb1c3 O-O
5.e4 d6
6.Bf1e2 e5
7.O-O exd4
8.Nf3xd4 Rf8e8
9.f3 Nb8c6
10.Bc1e3 Nf6h5
11.Qd1d2 Nh5f4
12.Rf1d1 Nc6xd4
13.Be3xd4 Bg7xd4
14.Qd2xd4 a5
15.Be2f1 Nf4e6
16.Qd4f2 Ne6c5
17.Rd1e1 Bc8e6
18.Ra1d1 f6
19.b3 Qd8e7
20.Nc3d5 Qe7g7
21.Qf2d2 Kh8
22.g3 g5
23.Qd2d4 Re8f8
24.Qd4c3 Rf8f7
25.Bf1g2 f5
26.e5 Be6xd5
27.Rd1xd5 Rf7e7
28.Bg2h3 Nc5d7
29.Bh3xf5 Nd7xe5
30.Kg2 Ra8f8
31.g4 b6
32.Rd5d1 h5
33.Qc3d2 Re7f7
34.Re1e3 Rf7xf5
35.gxf5 Rf8xf5
36.Qd2d5 Qg7e7
37.Rd1e1 Kg7
38.h3 Kh6
39.Qd5g8 Rf5f8
{ draw }
1/2-1/2

[Event "Tourn. n8889"]
[Site "www.chess-mail.com"]
[Date "2016.08.25"]
[Round "1"]
[White "Mao"]
[Black "Scasan55"]
[WhiteElo "1870"]
[BlackElo "2000"]
[Result "0-1"]
[Round "1"]
1.e4 c5
2.Ng1f3 d6
3.d4 cxd4
4.Nf3xd4 Ng8f6
5.Nb1c3 a6
6.Bc1e3 Nb8c6
7.Qd1d2 e6
8.O-O-O Bf8e7
9.f3 O-O
10.g4 Qd8c7
11.h4 b5
12.g5 Nf6e8
13.h5 Nc6e5
14.Bf1e2 Ne5c4
15.Be2xc4 Qc7xc4
 { time }
0-1

[Event "Tourn. n8808"]
[Site "www.chess-mail.com"]
[Date "2016.08.25"]
[Round "1"]
[White "Llcervello"]
[Black "Silent1"]
[WhiteElo "1660"]
[BlackElo "1850"]
[Result "0-1"]
[Round "1"]
1.e4 d6
2.d4 e6
3.c3 Bf8e7
4.Ng1f3 h6
5.Bc1f4 Ng8f6
6.h3 b6
7.Qd1a4 Nb8d7
8.Qa4c6 Ra8b8
9.Nb1a3 O-O
10.Qc6b5 Bc8b7
11.Bf1d3 a6
12.Qb5a4 Rb8a8
13.O-O b5
14.Qa4b4 e5
15.d5 exf4
16.g4 Nd7c5
17.Rf1d1 Nc5xd3
18.Rd1xd3 c6
19.c4 c5
20.Qb4e1 b4
21.Na3c2 Nf6h7
22.e5 dxe5
23.Nf3xe5 Nh7g5
24.Ra1d1 Be7d6
25.h4 Ng5h7
26.Qe1e4 Nh7f6
27.Qe4xf4 Bd6xe5
28.Qf4f5 Qd8d6
29.g5 hxg5
30.hxg5 Nf6h7
31.Rd1e1 Be5f4
32.Rd3h3 g6
33.Re1e6 gxf5
34.Re6xd6 Bf4xd6
35.Rh3h6 Ra8d8
36.Nc2e3 Nh7xg5
37.Ne3xf5 Ng5f3
38.Kg2 Nf3e1
39.Kf1 Ne1f3
40.Nf5xd6 Rd8xd6
41.Rh6xd6 Nf3d2
42.Ke2 Nd2xc4
43.Rd6d7 Rf8e8
44.Kd3 Nc4e5
{ resign }
0-1

[Event "Tourn. n8890"]
[Site "www.chess-mail.com"]
[Date "2016.08.25"]
[Round "1"]
[White "Bojan"]
[Black "Picifarkinca"]
[WhiteElo "2000"]
[BlackElo "1920"]
[Result "0-1"]
[Round "1"]
1.d4 Ng8f6
2.Nb1c3 d5
3.h3 Nb8d7
4.Ng1f3 e6
5.a3 c5
6.e3 a6
7.dxc5 Bf8xc5
8.Bc1d2 e5
9.Nc3a4 Bc5a7
10.Bd2c3 Qd8c7
11.Bc3d2 O-O
12.b3 b5
13.Na4b2 Rf8e8
14.Nf3h2 Bc8b7
15.Bf1e2 Ra8c8
16.Ra1c1 d4
17.O-O Nd7f8
18.Nb2d3 Qc7d8
19.Nh2g4 Nf8g6
20.exd4 exd4
21.Bd2g5 Ba7b8
22.Ng4xf6 gxf6
23.Bg5h6 Qd8d6
24.g3 Qd6d5
25.f3 Bb8xg3
26.Kh1 Qd5h5
27.Nd3f2 Re8xe2
28.Qd1xe2 Bb7xf3
29.Qe2xf3 Qh5xf3
30.Kg1 Bg3xf2
31.Rf1xf2 Qf3g3
32.Rf2g2 Qg3xh3
33.Bh6d2 Qh3f5
34.Bd2b4 Qf5f4
35.Bb4d2 Qf4f5
36.Bd2h6 d3
37.c3 Qf5e5
38.Bh6d2 Kf8
39.Bd2h6 Ke8
40.Bh6d2 Kd7
41.Rg2g3 Qe5xg3
{ resign }
0-1

[Event "Tourn. n8729"]
[Site "www.chess-mail.com"]
[Date "2016.08.25"]
[Round "1"]
[White "Janerol"]
[Black "Claudia"]
[WhiteElo "999"]
[BlackElo "2090"]
[Result "0-1"]
[Round "1"]
1.e4 c5
2.c4 d6
3.Nb1c3 Nb8c6
4.h3 e6
5.Ng1f3 Ng8f6
6.d3 Bf8e7
7.Bc1g5 O-O
8.Bg5xf6 Be7xf6
9.Qd1c2 Qd8a5
10.O-O-O Nc6b4
11.Qc2b1 Bf6xc3
12.bxc3 Nb4xa2
13.Kd2 Na2xc3
14.Qb1c1 Nc3a2
15.Qc1c3 Qa5xc3
16.Ke2 d5
17.cxd5 exd5
18.exd5 Rf8e8
19.Nf3e5 Re8xe5
20.Kf3 Re5f5
21.Kg4 Qc3d4
22.Kg3 Qd4f4

0-1

[Event "Tourn. n8892"]
[Site "www.chess-mail.com"]
[Date "2016.08.25"]
[Round "1"]
[White "Fabos12"]
[Black "Bojan"]
[WhiteElo "1960"]
[BlackElo "2000"]
[Result "1-0"]
[Round "1"]
1.d4 g6
2.c4 d5
3.cxd5 Qd8xd5
4.Nb1c3 Qd5d8
5.Ng1f3 Bf8g7
6.e4 Nb8d7
7.d5 Nd7e5
8.Bc1f4 Bc8g4
9.h3 Ne5xf3
10.gxf3 Bg4d7
11.Qd1b3 Qd8c8
12.h4 a6
13.O-O-O e6
14.Bf1h3 f5
15.e5 Ng8e7
16.Kb1 Ne7xd5
17.Nc3xd5 exd5
18.Qb3xd5 Bd7e6
19.Qd5c5 Kf7
20.Bf4g5 Bg7f8
21.Qc5c3 b6
22.Bg5f6 Rh8g8
23.Rd1d2 Bf8e7
24.Rh1d1 a5
25.a3 c6
26.Bh3f1 b5
27.Bf6xe7 Kxe7
28.Qc3c5 Kf7
29.Rd2d6 Qc8b7
30.Rd6xc6 Rg8c8
31.Rd1d6 Rc8xc6
32.Qc5xc6 Ra8b8
33.Rd6xe6 Qb7a7
34.Re6f6 Kg7
35.Bf1xb5 Rb8b7
36.Bb5a4 Rb7e7
37.Rf6e6 Re7c7
38.Qc6e8 Qa7xf2
39.Re6e7 Rc7xe7
40.Qe8xe7 Kh6
41.Qe7g5 Kg7
42.f4 Qf2f1
43.Ka2 Qf1c4
44.Ba4b3 Qc4c7
45.Qg5f6 Kh6
46.Bb3d1 Qc7c5
47.h5 Qc5c4
48.b3 Qc4c8
49.e6 Qc8c5
50.e7 Qc5f2
51.Kb1 Qf2e1
52.Qf6f8 { resign }
1-0

[Event "Tourn. n8904"]
[Site "www.chess-mail.com"]
[Date "2016.08.25"]
[Round "1"]
[White "Estonia"]
[Black "Orhany24"]
[WhiteElo "2050"]
[BlackElo "2190"]
[Result "0-1"]
[Round "1"]
1.e4 e5
2.Ng1f3 Nb8c6
3.Bf1b5 a6
4.Bb5a4 Ng8f6
5.O-O b5
6.Ba4b3 Bf8e7
7.Rf1e1 d6
8.d4 Nc6a5
9.c3 Na5xb3
10.Qd1xb3 O-O
11.Bc1g5 exd4
12.Nf3xd4 Bc8b7
13.Bg5xf6 Be7xf6
14.Nb1d2 c5
15.Nd4f3 Rf8e8
16.Qb3c2 Qd8b6
17.Ra1d1 Ra8d8
18.Nd2f1 d5
19.e5 Bf6e7
20.Nf1g3 h6
21.Ng3f5 Be7f8
22.b3 Qb6g6
23.Nf3h4 Qg6g5
24.g3 g6
25.f4 Qg5h5
26.Nf5d6 Bf8xd6
27.exd6 Re8xe1
28.Rd1xe1 Rd8xd6
29.Re1e8 Kg7
30.Re8e7 Bb7c8
31.Qc2f2 d4
32.cxd4 Rd6xd4
33.Qf2b2 Bc8h3
34.Re7e1 Kh7
35.Qb2c2 Qh5d5
36.f5 gxf5
37.Qc2f2 Rd4d2
{ resign }
0-1